| 000 -CABECERA |
| Longitud fija campo de control |
00557nam a2200169 a 4500 |
| 001 - NÚMERO DE CONTROL |
| Número de control |
2506 |
| 003 - IDENTIFICADOR DEL NÚMERO DE CONTROL |
| Identificador del número de control |
CDMR |
| 005 - FECHA Y HORA DE LA ÚLTIMA TRANSACCIÓN |
| Fecha y hora de la última transacción |
20130319114440.0 |
| 008 - CÓDIGOS DE INFORMACIÓN DE LONGITUD FIJA |
| Códigos de información de longitud fija |
130130s1995||||||||||||||||||||||||||||d |
| 020 ## - NÚMERO INTERNACIONAL NORMALIZADO PARA LIBROS |
| Número Internacional Normalizado para Libros (ISBN) |
8479352442 |
| 040 ## - FUENTE DE LA CATALOGACIÓN |
| Centro catalogador de origen |
CDMR |
| Lengua de catalogación |
cat |
| Centro transcriptor |
CPC LLEIDA |
| 100 1# - PUNTO DE ACCESO PRINCIPAL-NOMBRE DE PERSONA |
| Nombre de persona |
Alonso, Helena |
| 9 (RLIN) |
1880 |
| 245 10 - MENCIÓN DE TÍTULO |
| Título |
Lectures al quadrat |
| Mención de responsabilidad, etc. |
Helena Alonso Capdevila ... [et al.] ; edició a cura de Núria Perpinyà |
| Resto del título |
: les arts crítiques de J. Molas, J.M. Castellet, J. Triadú i J. Fuster |
| 260 ## - PUBLICACIÓN, DISTRIBUCIÓN, ETC. (PIE DE IMPRENTA) |
| Lugar de publicación, distribución, etc. |
Lleida |
| Fecha de publicación, distribución, etc. |
1995 |
| Nombre del editor, distribuidor, etc. |
Pagès |
| 490 0# - MENCIÓN DE SERIE |
| Mención de serie |
El Fil d'Ariadna |
| Designación de volumen o secuencia |
18 |
| 942 ## - ENTRADA DE ELEMENTOS AGREGADOS (KOHA) |
| Koha [por defecto] tipo de item |
Monografies |
| Fuente de clasificaión o esquema |
|